书目信息 |
| 题名: |
鲁迅集
|
|
| 作者: | 鲁迅 著 ;李聪聪 编著 | |
| 分册: | ||
| 出版信息: | 太原 北岳文艺出版社 2016 |
|
| 页数: | 219页 | |
| 开本: | 21cm | |
| 丛书名: | 民国诗风 | |
| 单 册: | ||
| 中图分类: | I210.5 | |
| 科图分类: | ||
| 主题词: | 鲁迅诗歌--lu xun shi ge--古体诗--注释 | |
| 电子资源: | ||
| ISBN: | 978-7-5378-4827-5 | |
| 000 | 00892nam0 22002651 450 | |
| 001 | 0122100615 | |
| 005 | 20170322100615.0 | |
| 010 | @a978-7-5378-4827-5@dCNY26.00 | |
| 100 | @a20161107d2016 em y0chiy50 ea | |
| 101 | 0 | @achi |
| 102 | @aCN@b140000 | |
| 105 | @ay z 000gy | |
| 106 | @ar | |
| 200 | 1 | @a鲁迅集@9lu xun ji@f鲁迅著@g李聪聪编著 |
| 210 | @a太原@c北岳文艺出版社@d2016 | |
| 215 | @a219页@d21cm | |
| 225 | 2 | @a民国诗风@9min guo shi feng@e中国现代作家旧体诗丛@f李遇春主编 |
| 330 | @a本书收录了鲁迅的部分旧体诗词作品,包括《莲蓬人》、《庚子送灶即事》、《祭书神文》、《自题小像》、《宝塔诗》、《战哉歌》等。 | |
| 461 | 0 | @12001 @a民国诗风 |
| 606 | 0 | @a鲁迅诗歌@9lu xun shi ge@x古体诗@x注释 |
| 690 | @aI210.5@v5 | |
| 701 | 0 | @a鲁迅@9lu xun@f(1881~1936)@4著 |
| 702 | 0 | @a李聪聪@9li cong cong@4编著 |
| 801 | 0 | @aCN@bTANGWEI@c20170308 |
| 905 | @b0958162-5@dI210.5@e298@f4 | |
| 鲁迅集/鲁迅著/李聪聪编著.-太原:北岳文艺出版社,2016 |
| 219页;21cm.-(民国诗风:中国现代作家旧体诗丛/李遇春主编) |
| ISBN 978-7-5378-4827-5:CNY26.00 |
| 本书收录了鲁迅的部分旧体诗词作品,包括《莲蓬人》、《庚子送灶即事》、《祭书神文》、《自题小像》、《宝塔诗》、《战哉歌》等。 |
| ● |
| 相关链接 |
|
|
|
|
正题名:鲁迅集
索取号:I210.5/298
 
预约/预借
| 序号 | 登录号 | 条形码 | 馆藏地/架位号 | 状态 | 备注 |
| 1 | 0958162 | 209581629 | 第一样本阅览室/ [索取号:I210.5/298] | 在馆 | |
| 2 | 0958163 | 209581638 | 第二借阅区/ [索取号:I210.5/298] | 在馆 | |
| 3 | 0958164 | 209581647 | 第二借阅区/ [索取号:I210.5/298] | 在馆 | |
| 4 | 0958165 | 209581656 | 第二借阅区/ [索取号:I210.5/298] | 在馆 |